[Event "II Open Alfa Lum A"]
[Site "Cagliari ITA"]
[Date "2010.09.05"]
[Round "6"]
[White "Toniolo, Massimo"]
[Black "Masala, Diego"]
[Result "1/2-1/2"]
[WhiteElo "1760"]
[BlackElo "1857"]
[PlyCount "94"]
[EventDate "2010.09.03"]

1. e4 c5 2. Nf3 d6 3. d4 cxd4 4. Nxd4 e5 5. Nb3 Nf6 6. Nc3 a6 7. Bg5 Be7 8.
Bxf6 gxf6 9. Nd5 f5 10. Nxe7 Qxe7 11. f3 fxe4 12. Be2 exf3 13. Bxf3 Bf5 14. O-O
Bg6 15. Na5 e4 16. Re1 Nc6 17. Qd5 Qc7 18. Bxe4 Bxe4 19. Rxe4+ Kf8 20. Nxc6
bxc6 21. Qd4 Qa7 22. Qxa7 Rxa7 23. Rae1 d5 24. Rb4 Kg7 25. c4 c5 26. Ra4 d4 27.
Re5 Rc8 28. Rd5 a5 29. Kf2 Rb8 30. b3 Rc8 31. g4 Rc6 32. g5 f6 33. h4 fxg5 34.
hxg5 h6 35. gxh6+ Kxh6 36. Ke2 Kg6 37. Kd2 Raa6 38. Kd3 Kf6 39. a3 Ke6 40. b4
cxb4 41. axb4 axb4 42. Rxa6 Rxa6 43. Rb5 Rd6 44. Rxb4 Ke7 45. c5 Rd7 46. c6 Rc7
47. Rb7 Kd6 1/2-1/2

[Event "Open A"]
[Site "Livigno ITA"]
[Date "2010.09.10"]
[Round "1"]
[White "Arnaudov, G. Petar"]
[Black "Urosevic, Goran"]
[WhiteElo "2442"]
[BlackElo "2218"]
[Result "1-0"]
[PlyCount "81"]
[EventDate "2010.09.10"]

1. Nf3 Nf6 2. c4 c5 3. Nc3 Nc6 4. d4 cxd4 5. Nxd4 e6 6. a3 d5 7. cxd5 exd5 8.
Bg5 Be7 9. e3 O-O 10. Be2 Ne4 11. Bxe7 Nxc3 12. Bxd8 Nxd1 13. Rxd1 Rxd8 14. f4
Be6 15. Rd3 Rac8 16. Kd2 Ne7 17. g4 Bd7 18. Bf3 Rc7 19. Rc1 Rxc1 20. Kxc1 Rc8+
21. Kd2 Kf8 22. Ne2 f6 23. Nc3 Be6 24. h3 Rd8 25. Nb5 a6 26. Nd4 Bf7 27. Nb3
Rc8 28. Na5 Rc5 29. b4 Rc7 30. Rc3 Rd7 31. Nb3 d4 32. Nxd4 Bd5 33. Ke2 Kf7 34.
e4 Bc6 35. Ke3 g5 36. f5 Ba4 37. Ne6 Bc6 38. e5 Nd5+ 39. Bxd5 Rxd5 40. Rc5 Rd1
41. Nd4 1-0

[Event "Open A"]
[Site "Livigno ITA"]
[Date "2010.09.10"]
[Round "1"]
[White "Bertagnolli, Alexander"]
[Black "Codenotti, Marco"]
[WhiteElo "2395"]
[BlackElo "2175"]
[Result "1/2-1/2"]
[PlyCount "76"]
[EventDate "2010.09.10"]

1. e4 c5 2. Nf3 g6 3. g3 Bg7 4. Bg2 Nc6 5. O-O e5 6. Na3 d6 7. c3 Nge7 8. d4
cxd4 9. cxd4 Nxd4 10. Nxd4 exd4 11. Bf4 Nc6 12. Nc4 Ne5 13. Qa4+ Kf8 14. Qb4
Nxc4 15. Qxc4 g5 16. Bd2 Be6 17. Qb4 Qb6 18. Qa3 h6 19. Bb4 Be5 20. f4 gxf4 21.
gxf4 a5 22. fxe5 Qxb4 23. exd6 Rg8 24. Rad1 Qxa3 25. bxa3 Rc8 26. Kh1 Rc2 27.
Bf3 Bh3 28. Rg1 Rxa2 29. Rxd4 Rf2 30. Rxg8+ Kxg8 31. Bg2 Bd7 32. e5 Re2 33.
Bxb7 Rxe5 34. Kg1 Re3 35. Bd5 Rxa3 36. Rf4 Rd3 37. Rxf7 Rxd5 38. Rxd7 Rd2
1/2-1/2

[Event "Open A"]
[Site "Livigno ITA"]
[Date "2010.09.10"]
[Round "1"]
[White "Cazzaniga, Walter"]
[Black "Berend, Fred"]
[WhiteElo "2114"]
[BlackElo "2382"]
[Result "0-1"]
[PlyCount "94"]
[EventDate "2010.09.10"]

1. d4 d6 2. c4 e5 3. Nf3 e4 4. Ng5 Nf6 5. Nc3 Qe7 6. g3 h6 7. Nh3 Bf5 8. Bg2 c6
9. d5 c5 10. Qa4+ Nbd7 11. O-O a6 12. f3 Rb8 13. Nf2 exf3 14. exf3 Qd8 15. Bf4
Be7 16. Rae1 O-O 17. g4 Bh7 18. Bg3 b5 19. cxb5 axb5 20. Nxb5 Nxd5 21. Re2 N7b6
22. Qd1 Qd7 23. a4 Rfe8 24. f4 Nb4 25. f5 Bf8 26. Rd2 Nc4 27. Ne4 Rxb5 28. axb5
d5 29. Re2 d4 30. b3 Ne5 31. Nxc5 Bxc5 32. Rxe5 Rxe5 33. Bxe5 f6 34. Bg3 Qxb5
35. Re1 Kh8 36. Qf3 Bg8 37. Qa8 d3+ 38. Kh1 d2 39. Rd1 Qe2 40. Bf3 Qe3 41. Kg2
Kh7 42. Qe4 Nd5 43. Qc2 Nf4+ 44. Bxf4 Qf2+ 45. Kh3 Qxf3+ 46. Bg3 Bxb3 47. Qxc5
Bxd1 0-1

[Event "Open A"]
[Site "Livigno ITA"]
[Date "2010.09.10"]
[Round "1"]
[White "Chytilek, Roman"]
[Black "Cimmino, Pietro"]
[WhiteElo "2368"]
[BlackElo "2098"]
[Result "1-0"]
[PlyCount "43"]
[EventDate "2010.09.10"]

1. d4 e6 2. g3 f5 3. Bg2 Nf6 4. Nf3 Be7 5. O-O O-O 6. c4 d6 7. b3 Ne4 8. Bb2
Nd7 9. Nbd2 Nxd2 10. Qxd2 Bf6 11. Rad1 Qe7 12. Rfe1 g5 13. e4 g4 14. e5 gxf3
15. exf6 Qxf6 16. Bxf3 Rf7 17. Bg2 Qg6 18. f4 Nf6 19. d5 exd5 20. Bxd5 Nxd5 21.
Re8+ Rf8 22. Qxd5+ 1-0

[Event "Open A"]
[Site "Livigno ITA"]
[Date "2010.09.10"]
[Round "1"]
[White "Cocchi, Andrea"]
[Black "Michalik, Peter"]
[WhiteElo "2266"]
[BlackElo "2455"]
[Result "0-1"]
[PlyCount "86"]
[EventDate "2010.09.10"]

1. Nf3 Nf6 2. c4 c6 3. Nc3 d5 4. e3 a6 5. b3 Bf5 6. Be2 h6 7. O-O Nbd7 8. d4 e6
9. Bd3 Bb4 10. Bb2 O-O 11. Bxf5 exf5 12. Ne2 Bd6 13. Qc2 g6 14. Nf4 Bxf4 15.
exf4 Re8 16. Ne5 Nh5 17. Nd3 Ng7 18. g3 Qb6 19. Rfe1 Ne6 20. Rad1 Rad8 21. cxd5
cxd5 22. Kg2 Kh7 23. Qd2 Nf6 24. Ne5 Ne4 25. Qc2 Rc8 26. Qb1 Kg8 27. Re3 Rc7
28. f3 Nf6 29. Nd3 Nxf4+ 30. Kf2 Ne6 31. Nc5 f4 32. Rxe6 Rxe6 33. Nxe6 Qxe6 34.
gxf4 Qh3 35. Rh1 Re7 36. Qg1 Rc7 37. Qb1 Qh4+ 38. Kg2 Re7 39. Qd3 Nh5 40. Bc1
Nxf4+ 41. Bxf4 Qxf4 42. Rf1 Re3 43. Qd2 Qg5+ 0-1

[Event "Open A"]
[Site "Livigno ITA"]
[Date "2010.09.10"]
[Round "1"]
[White "Innocenti, Luca"]
[Black "Judkovsky, Yair"]
[WhiteElo "2020"]
[BlackElo "2315"]
[Result "0-1"]
[PlyCount "102"]
[EventDate "2010.09.10"]

1. Nf3 Nf6 2. b3 g6 3. Bb2 Bg7 4. c4 O-O 5. g3 d6 6. d4 Nbd7 7. Bg2 e5 8. dxe5
Ng4 9. O-O Ndxe5 10. Nxe5 Nxe5 11. Nc3 Rb8 12. Qc2 Bd7 13. Rad1 f5 14. Nd5 Bc6
15. Kh1 Qd7 16. c5 Rbe8 17. cxd6 cxd6 18. Ba3 Nf7 19. Ne3 Rc8 20. Qd2 Bxg2+ 21.
Kxg2 Qc6+ 22. Kg1 Qa6 23. Bb2 Qxa2 24. Bxg7 Qxd2 25. Rxd2 Kxg7 26. Nc4 Rc6 27.
Rfd1 Rd8 28. Rd5 Kf6 29. Rb5 b6 30. Kf1 Ke6 31. Rbd5 Rc5 32. R5d4 b5 33. Ne3
Rdc8 34. h4 Rc1 35. Ke1 Rxd1+ 36. Kxd1 Rc3 37. Rb4 a6 38. Kd2 Rc5 39. Rd4 Ne5
40. f3 Nc6 41. Rd3 Nb4 42. Rd4 a5 43. h5 Nd5 44. hxg6 hxg6 45. Nc2 b4 46. Rh4
Rc3 47. Rh8 Kf6 48. Rf8+ Ke7 49. Ra8 Rxb3 50. Rxa5 Nc3 51. Nxb4 Nb1+ 0-1

[Event "Open A"]
[Site "Livigno ITA"]
[Date "2010.09.10"]
[Round "1"]
[White "Kantorik, Marian"]
[Black "Raineri, Valerio"]
[WhiteElo "2379"]
[BlackElo "2114"]
[Result "1/2-1/2"]
[PlyCount "73"]
[EventDate "2010.09.10"]

1. d4 Nf6 2. c4 g6 3. Nc3 Bg7 4. e4 d6 5. f4 O-O 6. Nf3 c5 7. d5 e6 8. Be2 exd5
9. cxd5 Nfd7 10. O-O Re8 11. Qc2 Na6 12. Bd2 Nc7 13. Rae1 a6 14. a4 b6 15. Bc4
b5 16. axb5 Nb6 17. Be2 c4 18. bxa6 Nxa6 19. Be3 Nb4 20. Qd2 Na2 21. Bd4 Nxc3
22. Qxc3 Na4 23. Qxc4 Rxe4 24. Qd3 Rxd4 25. Nxd4 Qb6 26. Rd1 Ba6 27. Qe3 Bxe2
28. Qxe2 Bxd4+ 29. Kh1 Bxb2 30. Rd2 Qa6 31. Qf3 Rc8 32. f5 Rc3 33. Qf2 g5 34.
f6 Rb3 35. Rb1 h6 36. h3 Bd4 37. Qe1 1/2-1/2

[Event "Open A"]
[Site "Livigno ITA"]
[Date "2010.09.10"]
[Round "1"]
[White "Karl, Hans"]
[Black "Aguettaz, Maxime"]
[WhiteElo "2211"]
[BlackElo "2412"]
[Result "1/2-1/2"]
[PlyCount "106"]
[EventDate "2010.09.10"]

1. d4 Nf6 2. c4 g6 3. Nc3 Bg7 4. e4 d6 5. f3 O-O 6. Bg5 c5 7. d5 e6 8. Qd2 Qa5
9. a4 Na6 10. Nge2 Nb4 11. Nc1 exd5 12. cxd5 Bd7 13. Be2 a6 14. Nb3 Qc7 15. O-O
Rfe8 16. Kh1 h5 17. Rfe1 b6 18. Bf1 Nh7 19. Bf4 Re7 20. Nc1 Rae8 21. Nd3 a5 22.
Nxb4 axb4 23. Nb5 Bxb5 24. Bxb5 Rd8 25. Rac1 Qa7 26. Bg3 g5 27. h4 Be5 28. f4
gxf4 29. Bxf4 Kh8 30. b3 Rg8 31. Be2 Bxf4 32. Qxf4 Re5 33. Rf1 Qe7 34. Bf3 Qf6
35. Qh2 Qg6 36. a5 bxa5 37. Rxc5 Nf6 38. Rc6 Nd7 39. Qf4 Rge8 40. Rfc1 Kg7 41.
Ra6 a4 42. bxa4 b3 43. Rb1 Nc5 44. Rb6 Rxe4 45. Bxe4 Rxe4 46. Qg5 Qxg5 47. hxg5
Rxa4 48. Rxd6 Rd4 49. Kh2 Rd3 50. Rf1 Ne4 51. Rb6 Rxd5 52. Rb7 Nxg5 53. Rxb3
Rd6 1/2-1/2

[Event "Open A"]
[Site "Livigno ITA"]
[Date "2010.09.10"]
[Round "1"]
[White "Milenkovic, Mladen"]
[Black "Umanec, Filip"]
[WhiteElo "2406"]
[BlackElo "2206"]
[Result "1-0"]
[PlyCount "75"]
[EventDate "2010.09.10"]

1. e4 e5 2. Nc3 Nf6 3. Bc4 Nxe4 4. Qh5 Nd6 5. Qxe5+ Qe7 6. Qxe7+ Bxe7 7. Bb3
O-O 8. Nf3 Nf5 9. O-O c6 10. Re1 Bd8 11. d4 d5 12. Ne2 Nd7 13. c4 dxc4 14. Bxc4
Nb6 15. Bb3 Bf6 16. Bf4 h6 17. Be5 Nd7 18. Rad1 Nh4 19. Bd6 Nxf3+ 20. gxf3 Rd8
21. Bc7 Rf8 22. Nf4 Kh8 23. Bd6 Bg5 24. Bxf8 Bxf4 25. Bb4 Nf6 26. Bxf7 Bh3 27.
Be7 Nd5 28. Ba3 Nf6 29. Bg6 Rd8 30. Bf7 Rd7 31. Re7 Kh7 32. Rxd7 Nxd7 33. Re1
Nf6 34. Re7 Bc8 35. Be6 Bxe6 36. Rxe6 Nd5 37. Bd6 Bc1 38. b3 1-0

[Event "Open A"]
[Site "Livigno ITA"]
[Date "2010.09.10"]
[Round "1"]
[White "Naumkin, Igor"]
[Black "Jedlicka, Ales"]
[WhiteElo "2483"]
[BlackElo "2279"]
[Result "1-0"]
[PlyCount "81"]
[EventDate "2010.09.10"]

1. d4 Nf6 2. c4 g6 3. Nc3 Bg7 4. e4 O-O 5. Nf3 d6 6. Be2 c5 7. d5 e6 8. O-O Re8
9. Nd2 Na6 10. Kh1 Nc7 11. a4 b6 12. f4 exd5 13. cxd5 Ba6 14. Bxa6 Nxa6 15. f5
Nb4 16. Nf3 c4 17. fxg6 hxg6 18. Ng5 Qd7 19. Be3 Qg4 20. Rf3 Nd3 21. Nxf7 Nxb2
22. Qe2 Nd3 23. Nxd6 Red8 24. Nf7 Re8 25. d6 Nxe4 26. Nd5 Ng3+ 27. hxg3 Qh5+
28. Kg1 Qxd5 29. Raf1 Rxe3 30. Rxe3 Bd4 31. d7 Qxd7 32. Kh2 Bxe3 33. Qxe3 Qd5
34. g4 Rf8 35. Nh6+ Kg7 36. Qe7+ Kxh6 37. Qxf8+ Kg5 38. Qf6+ Kxg4 39. Qxg6+ Qg5
40. Qe6+ Kh4 41. Qh3# 1-0

[Event "Open A"]
[Site "Livigno ITA"]
[Date "2010.09.10"]
[Round "1"]
[White "Petkov, Vladimir"]
[Black "Damia, Angelo"]
[WhiteElo "2513"]
[BlackElo "2287"]
[Result "1/2-1/2"]
[PlyCount "34"]
[EventDate "2010.09.10"]

1. d4 c5 2. d5 Nf6 3. Nc3 a6 4. e4 d6 5. f4 b5 6. e5 b4 7. Na4 dxe5 8. fxe5
Nxd5 9. Nxc5 e6 10. Nd3 Qh4+ 11. Nf2 Bc5 12. Qe2 Bxf2+ 13. Qxf2 Qxf2+ 14. Kxf2
Nd7 15. Nf3 Bb7 16. a3 Rc8 17. Bd3 bxa3 1/2-1/2

[Event "Open A"]
[Site "Livigno ITA"]
[Date "2010.09.10"]
[Round "1"]
[White "Rotstein, Arkadij"]
[Black "Hrzica, Rok"]
[WhiteElo "2542"]
[BlackElo "2308"]
[Result "1/2-1/2"]
[PlyCount "78"]
[EventDate "2010.09.10"]

1. d4 c6 2. c4 d5 3. Nf3 g6 4. Nc3 Bg7 5. Bf4 Nf6 6. e3 O-O 7. Be2 a6 8. O-O b5
9. c5 Ne4 10. Nxe4 dxe4 11. Nd2 f5 12. a4 Qd5 13. f3 e5 14. fxe4 fxe4 15. Bxe5
Bxe5 16. dxe5 Nd7 17. Rxf8+ Kxf8 18. Qc2 Nxc5 19. axb5 cxb5 20. Rc1 Nd3 21.
Rf1+ Kg8 22. Qc7 Be6 23. Qe7 Qd7 24. Qh4 Nc1 25. Rxc1 Qxd2 26. Rc7 Bd7 27. h3
Rc8 28. Bg4 Qxe3+ 29. Kh1 Rf8 30. Be6+ Kh8 31. Bf5 Rxf5 32. Qd8+ Kg7 33. Qxd7+
Kh6 34. Qxh7+ Kg5 35. h4+ Kf4 36. Qh6+ g5 37. hxg5 Qe1+ 38. Kh2 Qg3+ 39. Kh1
Qe1+ 1/2-1/2

[Event "Open A"]
[Site "Livigno ITA"]
[Date "2010.09.10"]
[Round "1"]
[White "Shachar, Ehud"]
[Black "Trens, Yohan"]
[WhiteElo "2353"]
[BlackElo "2086"]
[Result "1-0"]
[PlyCount "49"]
[EventDate "2010.09.10"]

1. e4 c5 2. Nf3 d6 3. c3 Nf6 4. Be2 Bg4 5. O-O e6 6. Re1 Nc6 7. d4 Be7 8. d5
exd5 9. exd5 Bxf3 10. Bxf3 Ne5 11. Be2 O-O 12. c4 Re8 13. Nc3 Qd7 14. h3 Bd8
15. Bd2 Ba5 16. Qc2 h6 17. f4 Ng6 18. Bd3 Bxc3 19. bxc3 Nf8 20. Be3 g6 21. Qf2
Ne4 22. Qh4 h5 23. f5 Qxf5 24. Bd2 g5 25. Bxe4 1-0

[Event "Open A"]
[Site "Livigno ITA"]
[Date "2010.09.10"]
[Round "1"]
[White "Valsecchi, Alessio"]
[Black "Fuchs, Ludek"]
[WhiteElo "2331"]
[BlackElo "2046"]
[Result "1-0"]
[PlyCount "41"]
[EventDate "2010.09.10"]

1. e4 c5 2. Nc3 Nc6 3. f4 g6 4. Nf3 Bg7 5. Bc4 e6 6. O-O Nge7 7. Qe1 O-O 8. d3
d5 9. Bb3 a6 10. f5 b5 11. Qh4 f6 12. fxe6 Bxe6 13. exd5 Bxd5 14. Nxd5 Nxd5 15.
Qe4 Nce7 16. c4 bxc4 17. dxc4 Nb4 18. Rd1 Qc7 19. Bf4 Qa7 20. Qe6+ Kh8 21. Rd7
1-0

[Event "Open A"]
[Site "Livigno ITA"]
[Date "2010.09.10"]
[Round "1"]
[White "Waldner, Mirko"]
[Black "Stella, Andrea"]
[WhiteElo "2064"]
[BlackElo "2334"]
[Result "0-1"]
[PlyCount "41"]
[EventDate "2010.09.10"]

1. f4 d5 2. Nf3 g6 3. e3 Bg7 4. Be2 c5 5. O-O Nc6 6. d3 Nf6 7. Qe1 O-O 8. Nbd2
Qc7 9. Qh4 e5 10. fxe5 Nxe5 11. e4 dxe4 12. Nxe5 Qxe5 13. Nc4 Qe6 14. Bg5 Ng4
15. Rae1 h6 16. Bd2 Bd4+ 17. Kh1 b5 18. Bxg4 Qxg4 19. Nd6 exd3 20. cxd3 Bg7 21.
Re7 0-1

[Event "Open A"]
[Site "Livigno ITA"]
[Date "2010.09.10"]
[Round "1"]
[White "Weisbuch, Udi"]
[Black "Cordova, Emilio"]
[WhiteElo "2306"]
[BlackElo "2539"]
[Result "0-1"]
[PlyCount "116"]
[EventDate "2010.09.10"]

1. e4 c5 2. Nf3 a6 3. c3 e6 4. d4 d5 5. e5 Nc6 6. Na3 cxd4 7. cxd4 Bb4+ 8. Bd2
Qb6 9. Bxb4 Qxb4+ 10. Qd2 Qxd2+ 11. Kxd2 f6 12. Nc2 Nge7 13. Bd3 O-O 14. Rhe1
fxe5 15. dxe5 Bd7 16. Re2 Rf4 17. Ng5 Rg4 18. Nxh7 Nd4 19. Nxd4 Rxd4 20. Ng5
Rg4 21. Nf3 Rxg2 22. Rg1 Rxg1 23. Nxg1 Rf8 24. Ke3 Nc6 25. f4 Nb4 26. Bb1 d4+
27. Kxd4 Rxf4+ 28. Kc5 b6+ 29. Kd6 Rd4+ 30. Kc7 Bb5 31. Rg2 Rc4+ 32. Kd6 Rc6+
33. Ke7 Nd5+ 34. Kd8 Rc4 35. Ne2 Rc5 36. Nc3 Nxc3 37. bxc3 Rxe5 38. Kc7 Rc5+
39. Kxb6 Rxc3 40. a4 Bxa4 41. Kxa6 Bc6 42. Rf2 Bd5 43. Bg6 Rf3 44. Rc2 Kf8 45.
Kb6 Ke7 46. Kc5 Kf6 47. Be8 Rf4 48. Kd6 Bc4 49. Rd2 g5 50. Bc6 e5 51. Kc5 Be6
52. Bb5 Rf3 53. Bc6 Rc3+ 54. Kd6 Rc4 55. Rf2+ Rf4 56. Re2 g4 57. Rxe5 Rd4+ 58.
Bd5 Bf7 0-1

[Event "Open A"]
[Site "Livigno ITA"]
[Date "2010.09.11"]
[Round "2"]
[White "Aguettaz, Maxime"]
[Black "Skliba, Martin"]
[WhiteElo "2412"]
[BlackElo "2287"]
[Result "0-1"]
[PlyCount "126"]
[EventDate "2010.09.10"]

1. c4 c5 2. Nc3 Nc6 3. g3 g6 4. Bg2 Bg7 5. a3 Nf6 6. e4 d6 7. Nge2 O-O 8. O-O
Ne8 9. h3 Nc7 10. Kh2 Rb8 11. Ra2 b5 12. b3 bxc4 13. bxc4 Ne6 14. d3 Ned4 15.
Be3 Bd7 16. f4 Nxe2 17. Nxe2 Qb6 18. g4 Qb3 19. Qxb3 Rxb3 20. Nc1 Rb1 21. Kg3
Rfb8 22. Rff2 Bc3 23. Rfc2 Bd4 24. Bd2 Bb2 25. Ne2 Nd4 26. Nxd4 Bxd4 27. Rc1
Rxc1 28. Bxc1 Rb1 29. Bd2 Ba4 30. Ba5 Bb2 31. e5 Bb3 32. Rxb2 Rxb2 33. exd6
exd6 34. Bd5 Kf8 35. f5 gxf5 36. gxf5 Bc2 37. f6 Rb3 38. Bc7 Rxd3+ 39. Kh4 Rxa3
40. Bxd6+ Kg8 41. Bxc5 Ra4 42. Kg5 Bb3 43. Kh6 Bxc4 44. Be4 Be6 45. Bxh7+ Kh8
46. Bb1 a5 47. Kg5 Bxh3 48. Bf8 Be6 49. Bc2 Ra2 50. Bb1 Rb2 51. Be4 a4 52. Bc6
Bb3 53. Kf4 Rf2+ 54. Ke5 Bc2 55. Be7 Rd2 56. Bd5 Kg8 57. Bc4 Bb3 58. Bf1 Be6
59. Ke4 Ra2 60. Bd3 a3 61. Kf4 Rf2+ 62. Kg3 a2 63. Kxf2 a1=Q 0-1

[Event "Open A"]
[Site "Livigno ITA"]
[Date "2010.09.11"]
[Round "2"]
[White "Bentivegna, Francesco"]
[Black "Arnaudov, G. Petar"]
[WhiteElo "2360"]
[BlackElo "2442"]
[Result "1/2-1/2"]
[PlyCount "261"]
[EventDate "2010.09.10"]

1. e4 c6 2. d4 d5 3. e5 Na6 4. Bxa6 Qa5+ 5. Nc3 Qxa6 6. Nge2 Bf5 7. O-O e6 8.
Ng3 Bg6 9. h4 h5 10. Nce2 c5 11. Be3 cxd4 12. Nxd4 Rc8 13. f4 Nh6 14. f5 exf5
15. Bxh6 Rxh6 16. Ndxf5 Bxf5 17. Nxf5 Re6 18. Qf3 Rc7 19. Rad1 Rxe5 20. Rxd5
Qe6 21. c4 Rxc4 22. Rxe5 Qxe5 23. Nd6+ Bxd6 24. Qxf7+ Kd8 25. Qg8+ Kd7 26. Qf7+
Kd8 27. Qg8+ Kd7 28. Qxc4 Qe3+ 29. Kh1 Qe5 30. g3 Qxg3 31. Qb5+ Kc8 32. Rc1+
Kd8 33. Qg5+ Qxg5 34. hxg5 Bf4 35. Rc5 g6 36. b3 Kd7 37. Kg2 Kd6 38. Rc8 Bxg5
39. Rg8 Be3 40. Kf3 Bb6 41. Rxg6+ Kc5 42. Rg5+ Kb4 43. Rxh5 Ka3 44. Rh2 a5 45.
Ke4 a4 46. Rh3 Bg1 47. bxa4+ Kxa4 48. Kd5 Kb5 49. Rb3+ Ka6 50. Ra3+ Kb5 51. Rg3
Bf2 52. Rb3+ Ka6 53. Kc4 Bg1 54. Rb5 Be3 55. Re5 Bf2 56. Kb4 Bd4 57. Ra5+ Kb6
58. Rd5 Bf2 59. Rd6+ Kc7 60. Rf6 Bd4 61. Rf4 Be3 62. Re4 Bf2 63. Kb5 Bg1 64.
Re7+ Kb8 65. Kc4 Ka7 66. Re6 Kb8 67. Kd5 Kc7 68. Rg6 Be3 69. Rg7+ Kc8 70. Rf7
Ba7 71. Kd6 Bb8+ 72. Ke7 Ba7 73. Ke8 Bb6 74. Rf1 Kc7 75. Rc1+ Kd6 76. Rh1 Kc7
77. Rh5 Kc6 78. Ke7 Kc7 79. Rh2 Bc5+ 80. Ke8 Bb6 81. Rh5 Kc6 82. a4 Kc7 83. a5
Bf2 84. Rh1 Be3 85. Rh2 Bc5 86. Rb2 Bd4 87. Rc2+ Kb8 88. Rc4 Bf2 89. Kd7 Be1
90. Rc5 Ka7 91. Re5 Bc3 92. Rc5 Be1 93. Rb5 Ka6 94. Rb6+ Kxa5 95. Rxb7 Bb4 96.
Kc6 Ka4 97. Ra7+ Kb3 98. Kb5 Bd6 99. Rd7 Be5 100. Rd3+ Bc3 101. Rh3 Kc2 102.
Kc4 Be5 103. Rh5 Bb8 104. Rh8 Bc7 105. Rc8 Bf4 106. Kd4+ Kd2 107. Ke4 Bg3 108.
Ra8 Bc7 109. Ra7 Bb6 110. Rd7+ Ke2 111. Rb7 Bc5 112. Rb2+ Kf1 113. Kf3 Kg1 114.
Rc2 Bd4 115. Rd2 Bb6 116. Rd6 Ba7 117. Rd8 Bb6 118. Re8 Bc5 119. Rh8 Bd4 120.
Rh4 Bb6 121. Rc4 Ba7 122. Rc2 Bd4 123. Rc6 Ba7 124. Rg6+ Kh2 125. Ra6 Bd4 126.
Ra2+ Kg1 127. Rg2+ Kh1 128. Rg5 Bb6 129. Ke2 Kh2 130. Kf1 Ba7 131. Rg6 1/2-1/2

[Event "Open A"]
[Site "Livigno ITA"]
[Date "2010.09.11"]
[Round "2"]
[White "Berend, Fred"]
[Black "Bossi, Alessandro"]
[WhiteElo "2382"]
[BlackElo "2012"]
[Result "1-0"]
[PlyCount "123"]
[EventDate "2010.09.10"]

1. d4 d5 2. c4 dxc4 3. e3 Nf6 4. Bxc4 g6 5. Qb3 e6 6. Nf3 Bg7 7. Nc3 O-O 8. O-O
c5 9. Rd1 Qe7 10. e4 cxd4 11. Nxd4 a6 12. a4 h6 13. f3 e5 14. Nc2 Nc6 15. Be3
Be6 16. Bxe6 fxe6 17. Qa3 Qf7 18. b4 Nh5 19. Rd2 Nf4 20. Rad1 Nd4 21. Bxf4 Qxf4
22. Ne2 Nxe2+ 23. Rxe2 Rfd8 24. Qa1 Bf8 25. Ne1 Rac8 26. Rxd8 Rxd8 27. Qc3 Rd4
28. g3 Qf6 29. Nc2 Rd1+ 30. Kg2 Qd8 31. Qxe5 Qd7 32. Qc3 Bg7 33. e5 Rd3 34. Qc4
Rd2 35. f4 Bf8 36. Kf3 Kf7 37. Qe4 Be7 38. a5 Rd3+ 39. Re3 Rd1 40. Re1 Rd3+ 41.
Re3 Rd1 42. Re2 Rd3+ 43. Kg2 Rd1 44. Qc4 Rc1 45. Rf2 Kg7 46. Qe4 Qd1 47. Kh3
Qh5+ 48. Kg2 Qd1 49. Qe2 Qh1+ 50. Kh3 Qd5 51. Rg2 Rb1 52. Qd2 Qf3 53. Rf2 Qh5+
54. Kg2 Qf5 55. Qd4 Qh5 56. Qd7 Kf7 57. Nd4 Qd1 58. Qxe6+ Kf8 59. Qc8+ Kf7 60.
Qc4+ Ke8 61. Qg8+ Kd7 62. Nf3 1-0

[Event "Open A"]
[Site "Livigno ITA"]
[Date "2010.09.11"]
[Round "2"]
[White "Bove, Alessandro"]
[Black "Valsecchi, Alessio"]
[WhiteElo "2397"]
[BlackElo "2331"]
[Result "0-1"]
[PlyCount "146"]
[EventDate "2010.09.10"]

1. d4 Nf6 2. c4 g6 3. Nc3 d5 4. Bf4 Bg7 5. e3 O-O 6. Nf3 c5 7. dxc5 Ne4 8. Rc1
Nxc3 9. bxc3 Qa5 10. Qb3 dxc4 11. Bxc4 Qxc5 12. Ng5 e6 13. O-O Nd7 14. Rfd1 Nb6
15. Bb5 e5 16. Bg3 Qe7 17. Nf3 Bg4 18. Be2 Rac8 19. h3 Be6 20. c4 f6 21. Nd2
Kh8 22. Bf3 f5 23. Bd5 Bd7 24. Qd3 Na4 25. Qb3 b6 26. Nb1 g5 27. Bh2 f4 28.
exf4 gxf4 29. Qf3 Bf5 30. Re1 Nc5 31. Rcd1 Bc2 32. Rd2 Bxb1 33. Rxb1 e4 34. Re2
Rce8 35. Rbe1 e3 36. Bxf4 Nd3 37. fxe3 Nxe1 38. Rxe1 Qa3 39. Rf1 Qc3 40. Kh2
Rxe3 41. Bxe3 Rxf3 42. Rxf3 Be5+ 43. Bf4 Bxf4+ 44. Rxf4 Qe5 45. Kg3 b5 46. Kf3
Qc3+ 47. Kg4 b4 48. Rf7 a5 49. h4 Qd4+ 50. Kf5 Qc5 51. h5 a4 52. Rb7 Qc8+ 53.
Kg5 b3 54. axb3 Qxb7 55. Bxb7 a3 56. Bd5 Kg7 57. h6+ Kf8 58. Be4 a2 59. Bxh7
a1=Q 60. Bf5 Qc3 61. g4 Qxb3 62. h7 Kg7 63. Kf4 Qxc4+ 64. Ke3 Qc3+ 65. Ke4 Kh6
66. Kd5 Kg5 67. Ke6 Qf6+ 68. Kd7 Kf4 69. Kc7 Ke5 70. Kd7 Kd5 71. Bd3 Qg7+ 72.
Kc8 Kd6 73. Kb8 Ke5 0-1

[Event "Open A"]
[Site "Livigno ITA"]
[Date "2010.09.11"]
[Round "2"]
[White "Cimmino, Pietro"]
[Black "Cocchi, Andrea"]
[WhiteElo "2098"]
[BlackElo "2266"]
[Result "0-1"]
[PlyCount "156"]
[EventDate "2010.09.10"]

1. e4 g6 2. g3 Bg7 3. Bg2 c5 4. Nc3 Nc6 5. Nf3 d6 6. Nd5 e6 7. Nf4 Nge7 8. h4
h6 9. c3 e5 10. Ne2 d5 11. d3 Be6 12. Be3 b6 13. h5 g5 14. Qa4 Qd7 15. Rc1 f5
16. Nh2 dxe4 17. dxe4 f4 18. Rd1 Qc7 19. Bc1 O-O 20. g4 Rad8 21. O-O Nc8 22.
Bf3 Nd6 23. b3 Rf7 24. Rd2 Bf8 25. Rfd1 a5 26. Qa3 Rfd7 27. Qb2 c4 28. Qc2 Nb7
29. Nf1 Rxd2 30. Rxd2 Rxd2 31. Bxd2 Qd7 32. Nh2 Nc5 33. Nc1 b5 34. Be2 Nb7 35.
Be1 cxb3 36. axb3 Nd6 37. f3 a4 38. bxa4 Qa7+ 39. Bf2 Qxa4 40. Bd1 Qa3 41. Nf1
Nc4 42. Nd3 Kf7 43. Qb3 Qa5 44. Qc2 Ke8 45. Nc5 Bf7 46. Qd3 Qd8 47. Qxd8+ Kxd8
48. Bb3 N6a5 49. Ba2 Kc7 50. Na6+ Kb7 51. Nc5+ Kc6 52. Nd3 Bd6 53. Nb4+ Kd7 54.
Na6 Ba3 55. Nc5+ Kd6 56. Nb3 Nxb3 57. Bxb3 Be6 58. Bc2 Bb2 59. Be1 Nb6 60. Nd2
Kc5 61. Bf2+ Kc6 62. Bxb6 Kxb6 63. Nb3 Bxc3 64. Kf2 Bc4 65. Bd1 Bxb3 66. Bxb3
Kc5 67. Ke2 Kd4 68. Bd5 Ba5 69. Bb3 Kc3 70. Bg8 b4 71. Ba2 Kc2 72. Bc4 b3 73.
Bd3+ Kc1 74. Bc4 b2 75. Ba2 Kc2 76. Bc4 Bb4 77. Ba2 Bc3 78. Bc4 Bd4 0-1

[Event "Open A"]
[Site "Livigno ITA"]
[Date "2010.09.11"]
[Round "2"]
[White "Codenotti, Marco"]
[Black "Kantorik, Marian"]
[WhiteElo "2175"]
[BlackElo "2379"]
[Result "1/2-1/2"]
[PlyCount "93"]
[EventDate "2010.09.10"]

1. e4 c6 2. Ne2 d5 3. e5 c5 4. d4 cxd4 5. Nxd4 e6 6. Bd3 Nc6 7. Nxc6 bxc6 8.
O-O Ne7 9. c4 Ng6 10. f4 Bc5+ 11. Kh1 O-O 12. Nc3 Ba6 13. Qe2 Bxc4 14. Bxc4
dxc4 15. Ne4 Be7 16. Rd1 Qc7 17. Qxc4 Rfd8 18. Be3 Rd5 19. Nc3 Rdd8 20. Nb5 Qb7
21. Nd6 Bxd6 22. exd6 Rd7 23. Rac1 Qxb2 24. Rb1 Qa3 25. Bc1 Qa5 26. Qxc6 Rad8
27. Rb8 Nf8 28. Rxd8 Qxd8 29. a4 Qb8 30. a5 Qb3 31. Rd4 Qa2 32. a6 Qf2 33. Rd1
Qe2 34. Qf3 Qxa6 35. Ba3 Rd8 36. d7 Qa4 37. Bxf8 Kxf8 38. Qd3 f6 39. Qd6+ Kf7
40. h3 Qb5 41. Qc7 Ke7 42. Qd6+ Kf7 43. f5 Qxf5 44. Qc7 Ke7 45. Qd6+ Kf7 46.
Qc7 Ke7 47. Qd6+ 1/2-1/2

[Event "Open A"]
[Site "Livigno ITA"]
[Date "2010.09.11"]
[Round "2"]
[White "Cordova, Emilio"]
[Black "Chytilek, Roman"]
[WhiteElo "2539"]
[BlackElo "2368"]
[Result "1-0"]
[PlyCount "75"]
[EventDate "2010.09.10"]

1. d4 Nf6 2. Nf3 g6 3. c4 Bg7 4. g3 O-O 5. Bg2 d6 6. O-O c6 7. Nc3 Bg4 8. h3
Bf5 9. Nh4 Be6 10. d5 cxd5 11. cxd5 Bd7 12. Be3 Qa5 13. Qd2 Rc8 14. Bh6 Bxh6
15. Qxh6 Be8 16. Kh1 Nbd7 17. g4 Qb4 18. Rab1 Nc5 19. a3 Qc4 20. Rbc1 Qb3 21.
Rb1 Qc4 22. Qe3 Rc7 23. f4 Qb3 24. f5 Na4 25. fxg6 hxg6 26. Qh6 Nxc3 27. bxc3
Qc2 28. Rbc1 Qxe2 29. Rce1 Qd3 30. Rf3 Qc2 31. Nf5 gxf5 32. gxf5 Rxc3 33. Rg1
Ng4 34. Qg5+ Kf8 35. Qxg4 f6 36. Qh4 Bf7 37. Qh8+ Bg8 38. Bf1 1-0

[Event "Open A"]
[Site "Livigno ITA"]
[Date "2010.09.11"]
[Round "2"]
[White "Fuchs, Ludek"]
[Black "Cazzaniga, Walter"]
[WhiteElo "2046"]
[BlackElo "2114"]
[Result "0-1"]
[PlyCount "74"]
[EventDate "2010.09.10"]

1. d4 Nf6 2. c4 g6 3. Nc3 Bg7 4. e4 d6 5. f3 O-O 6. Be3 Nc6 7. Qd2 a6 8. Nge2
Rb8 9. Nc1 e5 10. Nb3 exd4 11. Nxd4 Nxd4 12. Bxd4 c6 13. a4 Re8 14. O-O-O Qa5
15. Qf4 Re6 16. g4 b5 17. axb5 axb5 18. c5 b4 19. Nb1 Nd7 20. cxd6 Bxd4 21.
Rxd4 Qc5+ 22. Rc4 Qxd6 23. Qxd6 Rxd6 24. Rc2 Ne5 25. Be2 Be6 26. Rd1 Rxd1+ 27.
Kxd1 Bb3 28. Nd2 Bxc2+ 29. Kxc2 g5 30. Nb3 Rd8 31. Nc5 Kf8 32. h3 Rd6 33. Na6
c5 34. Nc7 Rh6 35. Nd5 Rxh3 36. f4 gxf4 37. Nxf4 Re3 0-1